| 000 | 00488nab a2200145Ia 4500 | ||
|---|---|---|---|
| 003 | ES-SlBCS | ||
| 005 | 20210601134622.0 | ||
| 008 | 140529s1985 xxu||||| |||| 00| 0 spa d | ||
| 041 | _aspa | ||
| 100 | 1 |
_aMunarriz, José Miguel _95152 |
|
| 245 | 0 | 0 |
_aLa teología de la liberación en los documentos de la Iglesia: Medellín y Puebla _c José Miguel Munarriz |
| 650 | 0 | 4 |
_aTeología de la Liberación _986892 |
| 773 | 0 |
_tAnthropos _gvol. 6, nº. 11, 1985, págs. 45-60 _wRev38 |
|
| 942 | _cAR | ||
| 999 |
_c615391 _d615391 |
||